|
|
|
|
| LEADER |
01000cam a22002652c 4500 |
| 001 |
890655529 |
| 003 |
DE-627 |
| 005 |
20260202163528.0 |
| 007 |
cr uuu---uuuuu |
| 008 |
170621s2017 xx |||||o 00| ||eng c |
| 020 |
|
|
|a 9781351708784
|c : electronic bk.
|9 978-1-351-70878-4
|
| 020 |
|
|
|z 9781472462619
|
| 035 |
|
|
|a (DE-627)890655529
|
| 035 |
|
|
|a (DE-576)9890655527
|
| 035 |
|
|
|a (DE-599)GBV890655529
|
| 035 |
|
|
|a (OCoLC)1021119803
|
| 035 |
|
|
|a (EBC)EBC4877624
|
| 035 |
|
|
|a (EBL)EBL4877624
|
| 035 |
|
|
|a (EBR)ebr11398414
|
| 035 |
|
|
|a (RPAM)MIL1015071
|
| 035 |
|
|
|a (DE-627-1)036034991
|
| 040 |
|
|
|a DE-627
|b ger
|c DE-627
|e rda
|
| 041 |
|
|
|a eng
|
| 050 |
|
0 |
|a NK5198.G27
|
| 082 |
0 |
|
|a 748.092
|q BSZ
|
| 082 |
0 |
|
|a 748.20944382
|
| 082 |
0 |
|
|a 748.20944/382
|2 23
|
| 082 |
0 |
|
|a 748.29399999999998
|
| 100 |
1 |
|
|a Dandona, Jessica
|e verfasserin
|0 (DE-588)1137634022
|0 (DE-627)894994298
|0 (DE-576)491673191
|4 aut
|
| 245 |
1 |
0 |
|a Nature and the nation in fin-de-siècle France
|b the art of Emile Gallé and the Ecole de Nancy
|c Jessica M. Dandona
|
| 264 |
|
1 |
|a Florence
|b Taylor and Francis
|c 2017
|
| 300 |
|
|
|a 1 Online-Ressource (237 pages)
|
| 336 |
|
|
|a Text
|b txt
|2 rdacontent
|
| 337 |
|
|
|a Computermedien
|b c
|2 rdamedia
|
| 338 |
|
|
|a Online-Ressource
|b cr
|2 rdacarrier
|
| 490 |
0 |
|
|a The histories of material culture and collecting, 1700-1950
|
| 520 |
|
|
|a Cover -- Half Title -- Title Page -- Copyright Page -- Dedication -- Contents -- List of figures -- Acknowledgments -- Introduction: Object nation: The role of the decorative arts in defining a modern style for France -- 1 Carved into the flesh of France : Gallé and the Franco-Prussian War -- 2 Clear water: Japonisme, nature, and the formation of a national style -- 3 Gallé and Dreyfus: A Republican vision -- 4 One for all or all for one? Gallé and the Ecole de Nancy -- Conclusion: A fragile legacy -- Works cited -- Index
|
| 600 |
1 |
0 |
|a Gallé, Emile
|d 1846-1904
|x Criticism and interpretation
|
| 650 |
|
0 |
|a Ecole de Nancy (Group of artists)
|
| 650 |
|
0 |
|a Decoration and ornament
|x Art nouveau
|
| 650 |
|
0 |
|a Glassware
|z France
|x History
|y 19th century
|
| 650 |
|
0 |
|a Decoration and ornament--Art nouveau
|
| 776 |
1 |
|
|z 9781472462619
|
| 776 |
0 |
8 |
|i Erscheint auch als
|n Druck-Ausgabe
|a Dandona, Jessica M
|t Nature and the Nation in Fin-de-Siècle France : The Art of Emile Gallé and the Ecole de Nancy
|d Florence : Taylor and Francis,c2017
|z 9781472462619
|
| 856 |
4 |
0 |
|u https://ebookcentral.proquest.com/lib/kxp/detail.action?docID=4877624
|m X:EBC
|x Aggregator
|z lizenzpflichtig
|3 Volltext
|7 1
|
| 856 |
4 |
2 |
|u http://www.gbv.de/dms/bowker/toc/9781472462619.pdf
|m V:DE-601
|m X:Bowker
|q application/pdf
|v 2018-01-26
|x Verlag
|y Inhaltsverzeichnis
|3 Inhaltsverzeichnis
|
| 912 |
|
|
|a ZDB-30-PQE
|
| 912 |
|
|
|a GBV_ILN_65
|
| 912 |
|
|
|a ISIL_DE-3
|
| 912 |
|
|
|a SYSFLAG_1
|
| 912 |
|
|
|a GBV_KXP
|
| 912 |
|
|
|a GBV_ILN_206
|
| 912 |
|
|
|a ISIL_DE-Brg3
|
| 912 |
|
|
|a GBV_ILN_350
|
| 912 |
|
|
|a ISIL_DE-2795
|
| 912 |
|
|
|a GBV_ILN_350_
|
| 912 |
|
|
|a GBV_ILN_496
|
| 912 |
|
|
|a ISIL_DE-Y9
|
| 912 |
|
|
|a GBV_ILN_597
|
| 912 |
|
|
|a ISIL_DE-Y11
|
| 912 |
|
|
|a GBV_ILN_697
|
| 912 |
|
|
|a ISIL_DE-Y8
|
| 912 |
|
|
|a GBV_ILN_2056
|
| 912 |
|
|
|a ISIL_DE-2491
|
| 951 |
|
|
|a BO
|
| 953 |
|
|
|2 045F
|a 748.092
|u https://www.gbv.de/dms/ddc/748.092.pdf
|
| 953 |
|
|
|2 045F
|a 748.20944382
|u https://www.gbv.de/dms/ddc/748.20944382.pdf
|
| 953 |
|
|
|2 045F
|a 748.20944/382
|u https://www.gbv.de/dms/ddc/748.20944382.pdf
|
| 953 |
|
|
|2 045F
|a 748.29399999999998
|
| 980 |
|
|
|2 65
|1 01
|x 0003
|b 4875797710
|h Proquest-EBC
|k Vervielfältigungen (z.B. Kopien, Downloads) sind nur von einzelnen Kapiteln oder Seiten und nur zum eigenen wissenschaftlichen Gebrauch erlaubt. Die Weitergabe an Dritte sowie systematisches Downloaden sind untersagt.
|y z
|z 03-02-26
|
| 980 |
|
|
|2 206
|1 01
|x 3350
|b 1708488979
|c 00
|f --%%--
|d Online-Ressource
|e g
|j --%%--
|h OLR-EBL
|k If you are a ThHF affiliate and the E-Book is not fully accessible, please send us a purchase or short time loan request. All others: Inter-library loans and guest access on campus premises is not possible.
|y zh
|z 19-08-17
|
| 980 |
|
|
|2 350
|1 01
|x 8293
|b 4316037269
|c 00
|f Online
|d --%%--
|e i
|j --%%--
|k Nur an Rechnern am DHIP / uniquement à I'IHA
|y z
|z 28-04-23
|
| 980 |
|
|
|2 496
|1 01
|x 3496
|b 4317367807
|c 00
|f Max Weber Digital Library
|d Proquest
|e --%%--
|j --%%--
|k Zugänglich nur im OIB-Netzwerk / Only accessible within OIB network
|y z
|z 02-05-23
|
| 980 |
|
|
|2 597
|1 01
|x 4597
|b 4317418312
|c 00
|f Online
|d --%%--
|e i
|j --%%--
|k Zugriff nur im OII-Netzwerk / OII network'ünden erişilebilir
|y z
|z 02-05-23
|
| 980 |
|
|
|2 697
|1 01
|x 4697
|b 4327723428
|c 00
|f --%%--
|d e-Book Proquest Ebook Central (Ebrary)
|e --%%--
|j --%%--
|k nur im DHI-Netzwerk zugänglich / only accessible within the GHI-network
|y z
|z 31-05-23
|
| 980 |
|
|
|2 2056
|1 01
|x DE-2491
|b 4321300371
|c 00
|f --%%--
|d --%%--
|e --%%--
|j --%%--
|y l01
|z 12-05-23
|
| 981 |
|
|
|2 65
|1 01
|x 0003
|r https://ebookcentral.proquest.com/lib/ulbhalle-ebooks/detail.action?docID=4877624
|
| 981 |
|
|
|2 206
|1 01
|x 3350
|y Full Text only for ThHF affiliates
|r https://thh-friedensau.idm.oclc.org/login?url=http://ebookcentral.proquest.com/lib/thhfriedensau/detail.action?docID=4877624
|
| 981 |
|
|
|2 350
|1 01
|x 8293
|r https://ebookcentral.proquest.com/lib/maxweberstiftung-ebooks/detail.action?docID=4877624
|
| 981 |
|
|
|2 496
|1 01
|x 3496
|r https://ebookcentral.proquest.com/lib/maxweberstiftung-ebooks/detail.action?docID=4877624
|
| 981 |
|
|
|2 597
|1 01
|x 4597
|r http://ebookcentral.proquest.com/lib/maxweberstiftung-ebooks/detail.action?docID=4877624
|
| 981 |
|
|
|2 697
|1 01
|x 4697
|y online access
|r http://ebookcentral.proquest.com/lib/maxweberstiftung-ebooks/detail.action?docID=4877624
|
| 981 |
|
|
|2 2056
|1 01
|x DE-2491
|r https://ebookcentral.proquest.com/lib/maxweberstiftung-ebooks/detail.action?docID=4877624
|
| 983 |
|
|
|2 597
|1 01
|x 4597
|8 00
|a EBO
|
| 983 |
|
|
|2 2056
|1 01
|x DE-2491
|8 00
|a Digital MWS Library
|
| 985 |
|
|
|2 697
|1 01
|x 4697
|a von anderem DHI gekauft
|
| 995 |
|
|
|2 65
|1 01
|x 0003
|a Proquest-EBC
|
| 995 |
|
|
|2 206
|1 01
|x 3350
|a OLR-EBL
|
| 998 |
|
|
|2 697
|1 01
|x 4697
|0 202304
|